000 00454nam a2200169Ia 4500
008 230917s9999||||xx |||||||||||||| ||und||
020 _cRS399
040 _e241959
_aMAIN
041 _aEnglish
082 _a940.27 P885A
100 _aParmod Kumar
245 0 _aAadhunik Europe ka Itihas: 1789 - 1950
260 _aNoida
_bPearson India
_c2017
300 _avi, 426 p.
500 _a2838 30/08/2017 APD17/1060896 06/09/2017 Main Budget
942 _cBK
999 _c23762
_d23762